000 00390nam a22001457a 4500
005 20200606134458.0
008 200606b xxu||||| |||| 00| 0 eng d
082 _a345.4
110 _aALL INDIA REPORTER
_95800
245 _aALL INDIA REPORTER 2006 (V-93) SUPREME COURT SECTION (3rd )
260 _bALL INDIA REPORTER PVT. LTD
300 _a3788;p
650 _aLAW
_95701
942 _cJRL
999 _c6868
_d6866